00314nam a2200121Ia 45000010005000000080041000050820026000461000018000722450044000902600029001349010012001639990017001751768241024s9999 xx 000 0 und d a[*SIN CLASIFICACION*] a[*SIN AUTOR*] 0aDistrito Educativo 04-06, Haina - Nigua bDistrito Educativo 04-06 a3/16/15 c12130d12130